| 000 | 00449cam a2200193ua 4500 | ||
|---|---|---|---|
| 001 | 3230 | ||
| 008 | 111020n ii |||gr||||Z||||||asm | ||
| 020 | _a81-7339-123-8 | ||
| 040 | _cMAIN | ||
| 082 | _a891.4517 | ||
| 100 | _aBaruah, Uttam Kumar, | ||
| 245 | 1 | 1 |
_aDhet-teri _cby Uttam Kumar Baruah |
| 250 | _a1st. | ||
| 260 |
_aGuahati: _bBanalata,995. |
||
| 300 |
_a96p: _c23cm. |
||
| 653 | _aAssamese satira | ||
| 653 | _aDhet-teri | ||
| 942 | _cBK | ||
| 999 |
_c3076 _d3076 |
||